| 000 | 00496nam a22001697a 4500 | ||
|---|---|---|---|
| 010 | _aB-524246 | ||
| 020 |
_a9789350944653 _c325,00 |
||
| 035 | _aB-524246 | ||
| 037 | _bRP/Shahadra /UBH/035/4.6,2013/4.6.2013 | ||
| 082 | _a000 | ||
| 100 | _aKumar,Purnendu | ||
| 245 |
_aCTET,Success Master Paper II,Social Studies/ _cPurnendu, Kumar |
||
| 260 |
_aNew Delhi _bArihant Pub _c2013 |
||
| 270 | _a4577/15 Darya Ganj | ||
| 300 |
_aVarious,pgs _c24cm |
||
| 942 |
_2ddc _cEN _h000 _mKUM |
||
| 999 |
_c76575 _d76575 |
||